LDR 01009naa#a2200181#i#450# 001 RU\\bibl\118700 005 20260516100725.6 011 ## _a1994-4683 100 ## _a20230428b2023####ek#y0rusy0150####ca 102 ## _aRU 200 1# _aИССЛЕДОВАНИЯ ПСИХОЭМОЦИОНАЛЬНОГО СОСТОЯНИЯ ОБУЧАЮЩИХСЯ СИРОТ В УСЛОВИЯХ НЕПРЕРЫВНОГО СПОРТИВНОГО ВОСПИТАНИЯ "ШКОЛА - СПО, ВУЗ" _eЖурнальная статья 210 1# _aМосква _cНациональный государственный Университет физической культуры, спорта и здоровья им. П.Ф. Лесгафта _d2023 215 ## _a3 с. 608 ## _aЖурнальная статья _2local 675 ## _aФилософия. Теория. Назначение. Методика. Этика. Эстетика. 796.01 _z 700 #1 _aИсмиянов _gВ В 700 #1 _aРыбина _gЛ Д 856 4# _auchzapiski.lesgaft.spb.ru _u